000
00316nam a2200109Ia 4500
008
200302s9999 xx 000 0 und d
100
_a
Cillero and de Motta
245
_a
Mandala design handbook manuel de design de mandala leitfaden fur mandala
260
_b
Booqs Publishers Bvba
260
_c
2010
300
_a
559 P.,
999
_c
4100
_d
4100